000 00547nam a22001937a 4500
003 OSt
005 20141118020005.0
008 141003b xxu||||| |||| 00| 0 eng d
020 _a9780972380188
040 _aDLC
_cDLC
_dDLC
050 _aTK 7887
_b.R67 2013
100 _932107
_aRosenthal, Morris.
245 _aComputer repair with diagnostic flowcharts
_cMorris Rosenthal.
250 _a3rd ed.
260 _a[S.I.]
_bFoner Books
_cc2013.
300 _a166 p.;
650 _aComputers
_xMaintenance and repair.
_932108
942 _2lcc
_cBK
_02
999 _c60408
_d60382